| 000 | 00717nam a2200193 a 4500 | ||
|---|---|---|---|
| 001 | 000030139 | ||
| 005 | 20200930060056.0 | ||
| 008 | 110503s2009 dr a 000 0 spa d | ||
| 040 |
_aDO-SdBNP _bspa _cBNPHU |
||
| 082 |
_axxx _bA658c |
||
| 100 | 1 |
_aAracena, Soraya _943422 |
|
| 245 | 1 | 0 |
_aCuentos folklóricos dominicanos : _bcuentos domínico-haitianos en Boca Chica, República Dominicana / _cSoraya Aracena; prólogo José Francisco Alegría Pons. |
| 260 |
_aSanto Domingo : _bLetra Gráfica, _c2009. |
||
| 300 |
_a32 p. : _bil. ; _c22 cm. |
||
| 490 | 1 |
_aCuadernos de letra gráfica _v1 |
|
| 700 | 1 |
_aAlegría Pons, José Francisco _epról. _956851 |
|
| 830 | 0 |
_aCuadernos de letra gráfica _n1 _956852 |
|
| 049 | _aBNPD | ||
| 999 |
_c29631 _d29631 |
||